[Event "Tarbes"]
[Site "?"]
[Date "2003.??.??"]
[Round "2"]
[White "Lemoine, Benoit"]
[Black "Moragrega, Remi"]
[Result "1-0"]
[WhiteElo "2138"]
[BlackElo "1750"]
[PlyCount "95"]

1.e4 e6 2.d4 d5 3.Nc3 Nf6 4.Bg5 dxe4 5.Nxe4 Nbd7 6.Nf3 Be7 7.Nxf6+ Nxf6 8.
Bd3 c5 9.O-O O-O 10.dxc5 Bxc5 11.Ne5 Be7 12.Qf3 Qc7 13.Rfe1 Nd5 14.Bd2 Bd6
15.Qh5 g6 16.Qe2 Bxe5 17.Qxe5 Qxe5 18.Rxe5 Bd7 19.c4 Ne7 20.Bh6 Rfe8 21.
Rd1 Nf5 22.Bxf5 exf5 23.Rxe8+ Rxe8 24.Kf1 Be6 25.b3 f6 26.Be3 a6 27.Rd6 
Kf7 28.Bc5 Rc8 29.Bb4 Rc7 30.Ke2 Rd7 31.Rb6 g5 32.f3 f4 33.Bd6 h6 34.Kd2 
Bf5 35.Kc3 Be6 36.a4 Bf5 37.c5 Be6 38.Rb4 Bd5 39.Rd4 Bc6 40.Rd2 Ke6 41.
Re2+ Kf7 42.Kb4 b5 43.cxb6 Rxd6 44.Kc5 Rd3 45.Kxc6 Rxb3 46.b7 Rc3+ 47.Kb6 
Rb3+ 48.Ka7 1-0

[Event "N3"]
[Site "?"]
[Date "2003.??.??"]
[Round "9"]
[White "Marty, Damien"]
[Black "Juglard, Eric"]
[Result "1-0"]
[WhiteElo "2020"]
[BlackElo "2186"]
[EventDate "2003.??.??"]
[Annotator "Cahors/ET"]
[PlyCount "65"]

1.e4 e6 2.d4 d5 3.Nd2 Nf6 4.e5 Nfd7 5.f4 c5 6.c3 Nc6 7.Ndf3 Qb6 8.Ne2 h6 
9.g3 Be7 10.Bh3 Nf8 11.O-O Bd7 12.f5 exf5 13.Nf4 Be6 14.c4 dxc4 15.d5 
O-O-O 16.d6 Bg5 17.Nd5 Qb5 18.Nc7 Qa5 19.Qe2 Nd4 20.Nxd4 cxd4 21.Bxf5 d3 
22.Qe4 Qc5+ 23.Kh1 d2 24.Bxd2 Bxd2 25.Rad1 Ba5 26.Rd5 Qc6 27.Rxa5 Qxe4+ 
28.Bxe4 a6 29.Nxe6 fxe6 30.Rc5+ Kb8 31.Rc7 Nd7 32.Rf7 Rhf8 33.Rxb7+ 1-0

[Event "2e Open Condom"]
[Site "?"]
[Date "2003.??.??"]
[Round "2"]
[White "Benmesbah, Natacha"]
[Black "Schmitt, Fabien"]
[Result "1/2-1/2"]
[WhiteElo "1920"]
[BlackElo "2149"]
[EventDate "2003.??.??"]
[PlyCount "54"]

1.e4 c5 2.Nc3 Nc6 3.f4 e6 4.Nf3 Nge7 5.d4 cxd4 6.Nxd4 Nxd4 7.Qxd4 Nc6 8.
Qf2 d5 9.exd5 exd5 10.Bb5 d4 11.Bxc6+ bxc6 12.Ne2 c5 13.O-O f5 14.Re1 Be7 
15.Qf3 Rb8 16.Qc6+ Kf7 17.Ng3 Qd6 18.Qf3 Bf6 19.Nh5 Bh4 20.Re5 g6 21.Rd5 
Qc7 22.Re5 Bb7 23.Qh3 Be7 24.Rxf5+ gxf5 25.Qxf5+ Kg8 26.Qe6+ Kf8 27.Qf5+ 
Kg8 1/2-1/2

[Event "N3"]
[Site "?"]
[Date "2003.??.??"]
[Round "9"]
[White "Marco, Clement"]
[Black "Ayche, Marcel"]
[Result "1-0"]
[WhiteElo "1870"]
[BlackElo "1670"]
[EventDate "2003.??.??"]
[Annotator "Beziers/Montpellier"]
[PlyCount "91"]

1.e4 c5 2.Nf3 Nc6 3.d4 cxd4 4.Nxd4 Nf6 5.Nc3 e6 6.Ndb5 d6 7.Bf4 e5 8.Bg5 
a6 9.Na3 Be7 10.Bxf6 Bxf6 11.Nc4 Nd4 12.Nd5 b5 13.Ncb6 Rb8 14.c3 Nc6 15.
Nxf6+ Qxf6 16.Nd5 Qd8 17.Be2 O-O 18.Qd2 Ne7 19.a4 Nxd5 20.exd5 Bd7 21.axb5
axb5 22.O-O Ra8 23.Qc2 Qb6 24.Qb3 Rab8 25.Ra2 Ra8 26.Rfa1 Rxa2 27.Rxa2 Rb8
28.Qb4 g6 29.Qa5 Kg7 30.Qa7 Be8 31.Ra6 Qxa7 32.Rxa7 Rb6 33.Kf1 h5 34.Ke1 
Kf6 35.Kd2 Kg5 36.g3 f5 37.h4+ Kf6 38.Ra5 g5 39.Ke3 Bf7 40.Rxb5 Rxb5 41.
Bxb5 Bxd5 42.Be8 f4+ 43.Ke2 Bf7 44.hxg5+ Kg6 45.Bxf7+ Kxf7 46.b4 1-0

[Event "Tarbes"]
[Site "?"]
[Date "2003.??.??"]
[Round "1"]
[White "Bodlet, Frederic"]
[Black "Soubielle, Baptiste"]
[Result "0-1"]
[WhiteElo "1950"]
[BlackElo "1540"]
[PlyCount "69"]

1.e4 e5 2.Nf3 Nc6 3.Bb5 Nf6 4.O-O d6 5.d4 Bd7 6.Bxc6 Bxc6 7.dxe5 dxe5 8.
Qxd8+ Rxd8 9.Nxe5 Bxe4 10.Nc3 Bxc2 11.Re1 Be7 12.Bf4 Nd5 13.Nxd5 Rxd5 14.
Rac1 Bb4 15.Re2 Rd1+ 16.Rxd1 Bxd1 17.Re4 Be7 18.Nc4 Bc2 19.Re1 Kd7 20.Rc1 
Ba4 21.Ne5+ Ke6 22.Re1 Re8 23.b3 Bd7 24.Nc4+ Kf5 25.Bxc7 Bb4 26.Ne3+ Kg6 
27.Rd1 Bc6 28.h4 h5 29.Nf1 Re2 30.Bd6 Ba5 31.a3 Bb6 32.Bg3 f6 33.b4 Ra2 
34.Nh2 Rxa3 35.Nf3 0-1

[Event "N3"]
[Site "?"]
[Date "2003.??.??"]
[Round "9"]
[White "Llapasset, Jean-Louis"]
[Black "Marciniak, Gerard"]
[Result "1-0"]
[WhiteElo "2150"]
[BlackElo "2149"]
[EventDate "2003.??.??"]
[Annotator "Perpignan/Agen"]
[PlyCount "87"]

1.e4 d6 2.d4 Nf6 3.Nc3 g6 4.g3 Bg7 5.Bg2 O-O 6.Nge2 e5 7.h3 Nc6 8.Be3 exd4
9.Nxd4 Bd7 10.O-O Re8 11.Qd2 Nxd4 12.Bxd4 Bc6 13.Rfe1 Nd7 14.Be3 Ne5 15.b3
Qf6 16.Qe2 Nf3+ 17.Bxf3 Qxc3 18.Bf4 f5 19.Bd2 Qf6 20.Rad1 fxe4 21.Bg2 d5 
22.Be3 Qc3 23.h4 Rad8 24.h5 d4 25.Bg5 Rd5 26.Bd2 Qxc2 27.Bxe4 Rxh5 28.Qxh5
Rxe4 29.Qa5 Re5 30.Qxc7 Qxd2 31.Qxe5 Qh6 32.Qe6+ Kh8 33.Re4 Bxe4 34.Qe8+ 
Bf8 35.Qxe4 Qg5 36.Qxd4+ Kg8 37.Qd5+ Qxd5 38.Rxd5 b6 39.Rd8 Kf7 40.Rd7+ 
Ke6 41.Rxa7 h5 42.Rb7 Bc5 43.b4 Bd4 44.a4 1-0

[Event "NII"]
[Site "?"]
[Date "2003.??.??"]
[Round "?"]
[White "Ducret"]
[Black "Stambul"]
[Result "0-1"]
[WhiteElo "2222"]
[BlackElo "2089"]
[EventDate "2003.??.??"]
[PlyCount "118"]

1.Nf3 d5 2.d4 Nf6 3.c4 e6 4.Nc3 Be7 5.Bg5 Nbd7 6.e3 b6 7.cxd5 Nxd5 8.Nxd5 
exd5 9.Bxe7 Qxe7 10.Qa4 O-O 11.Bb5 Nf6 12.O-O Bd7 13.Bxd7 Qxd7 14.Qxd7 
Nxd7 15.Rac1 Rac8 16.Rc6 Nb8 17.Rc3 c5 18.dxc5 Rxc5 19.Rxc5 bxc5 20.Rd1 
Rd8 21.Ne5 f6 22.Nd3 Nd7 23.Nf4 Nb6 24.Ne6 Rc8 25.Rc1 Nd7 26.Nf4 Nb6 27.
Ne6 Nd7 28.Kf1 Kf7 29.Nf4 Nb6 30.Nd3 c4 31.Nf4 Ke7 32.Rd1 Rc5 33.Rd2 Rb5 
34.Ne2 Na4 35.Nc3 Nxc3 36.bxc3 Ke6 37.Ke2 a5 38.Kd1 a4 39.Kc1 a3 40.Re2 
Ke5 41.Rd2 g6 42.Re2 f5 43.Rd2 g5 44.h3 h5 45.Re2 Ke4 46.Rd2 Ke5 47.Re2 h4
48.Rd2 g4 49.Rd4 Rb2 50.hxg4 Rxf2 51.gxf5 Rxa2 52.Rxh4 Rxg2 53.Kb1 Kxf5 
54.Rd4 Ke5 55.e4 dxe4 56.Rxc4 e3 57.Rc8 e2 58.Re8+ Kd6 59.Ka2 e1=Q+ 0-1

[Event "N3"]
[Site "?"]
[Date "2003.??.??"]
[Round "9"]
[White "Francois, Sebastien"]
[Black "Guerin, Gilles"]
[Result "1/2-1/2"]
[WhiteElo "2114"]
[BlackElo "2206"]
[EventDate "2003.??.??"]
[Annotator "Beziers/Montpellier"]
[PlyCount "58"]

1.e4 e5 2.Bc4 Nc6 3.Nf3 g6 4.d4 exd4 5.Nxd4 Bg7 6.Be3 Ne5 7.Bb3 d6 8.Nc3 
a6 9.h3 Nf6 10.f4 Ned7 11.Qf3 O-O 12.O-O-O Nc5 13.e5 Nxb3+ 14.Nxb3 Ne8 15.
exd6 Bxc3 16.dxc7 Qxc7 17.bxc3 Nd6 18.Bc5 Rd8 19.Qd5 Be6 20.Bxd6 Qxc3 21.
Qe5 Qc6 22.Ba3 Bf5 23.Na1 f6 24.Qe7 Re8 25.Qd6 Qxg2 26.Rhg1 Qxh3 27.Bb2 
Re6 28.Qd5 Qe3+ 29.Kb1 Qe4 1/2-1/2

[Event "N3"]
[Site "?"]
[Date "2003.??.??"]
[Round "9"]
[White "Faure, Nicolas"]
[Black "Relea, Nicolas"]
[Result "0-1"]
[WhiteElo "1979"]
[BlackElo "2070"]
[EventDate "2003.??.??"]
[Annotator "CEIT/Condom"]
[PlyCount "94"]

1.e4 Nc6 2.Nf3 d6 3.d4 Bg4 4.Be3 Nf6 5.Nc3 e6 6.Bd3 d5 7.e5 Nd7 8.Qd2 Bxf3
9.gxf3 Nb6 10.h4 h5 11.O-O-O Qd7 12.Bb5 a6 13.Be2 O-O-O 14.Rdg1 g6 15.Bg5 
Be7 16.Bxe7 Qxe7 17.Nd1 Kb8 18.c3 Na5 19.Ne3 Rc8 20.b4 Nc6 21.Qc2 Rhd8 22.
a3 a5 23.Qb3 a4 24.Qc2 Nxe5 25.dxe5 c5 26.Kb2 d4 27.Nc4 Nxc4+ 28.Bxc4 cxb4
29.cxb4 b5 30.Qe4 bxc4 31.Rd1 d3 32.Kc3 Qb7 33.Qxb7+ Kxb7 34.Rhe1 Kb6 35.
Re4 Kb5 36.Rf4 Rc7 37.Rd2 g5 38.hxg5 Rg8 39.Rd4 Rxg5 40.f4 Rg1 41.Rd8 Rc1+
42.Kd4 Rc2 43.Rb8+ Kc6 44.Ke3 Rxd2 45.b5+ Kd7 46.Kxd2 c3+ 47.Kc1 c2 0-1

[Event "Juniors 2003"]
[Site "?"]
[Date "2003.??.??"]
[Round "1"]
[White "Ricou P."]
[Black "Cwiek, Loic"]
[Result "1-0"]
[WhiteElo "2239"]
[BlackElo "1960"]
[EventDate "2003.05.06"]
[PlyCount "109"]
[SourceDate "2003.05.06"]

1.e4 c5 2.Nf3 Nc6 3.d4 cxd4 4.Nxd4 g6 5.Nc3 Bg7 6.Be3 Nf6 7.Bc4 O-O 8.Bb3 
d6 
    ( 8...a5 $5 {est possible aussi , dans l'esprit du "vrai" dragon 
    accelere induit par l'ordre de coups 2...Cc6 et 4...g6 . Ici, nous 
    arrivons, par interversion de coups dans une variante du dragon 
    "normal" (attaque Yougoslave), generalement obtenue par 2...d6.} )
9.f3 Bd7 10.Qd2 Qa5 $5 
    ( 10...Rc8 {est l'autre grande ligne, plus moderne.} )
11.O-O-O Rfc8 12.Kb1 Ne5 13.Bh6 Nc4 
    ( {sur} 13...Bh8 14.Nd5 {est possible ..une des subtilites de Rb1.} 
    14...Qd8 {avec un peu d'initiative blanche.} 
        ( 14...Qxd2 $4 15.Nxe7# )
    )
    ( 13...Bxh6 $1 14.Qxh6 Rxc3 $1 {est la methode reconnue dans ce type 
    de position. Les Blancs subissent eux meme une attaque sur leur roi 
    alors que leur dame est excentree et, pour un modeste investissement 
    (tour contre cavalier +pion) les Noirs evitent pendant longtemps que 
    leur precieux cavalier f6 soit echange ou deloge (par Cd5 notamment).}
    )
14.Bxc4 Bxh6 15.Qxh6 Rxc4 16.Nb3 Qh5 
    ( 16...Qc7 )
17.Qe3 b5 18.h4 b4 19.Nd5 Qe5 20.g4 Nxg4 $5 {la position n'evolue pas tres
favorablement pour les Noirs alors Loic modifie l'equilibre des forces, 
une autre recette eprouvee dans cette ouverture.} 21.fxg4 Rxe4 22.Qg5 Bxg4
23.Rd2 Bf3 
    ( 23...a5 {protegeant b4 avec l'idee h5 et l'echange des dames 
    semblait jouable.} 24.Rd3 h5 25.Rc1 $6 
        ( 25.Qc1 )
    25...Qxg5 26.hxg5 {semble meme favorable aux Noirs.} )
24.Rf1 Re1+ 25.Rxe1 Qxe1+ 26.Nc1 Bxd5 27.Qxd5 Rc8 28.h5 $1 {l'ouvre 
boite... ou le clou?} 28...Qe5 29.hxg6 Qxd5 30.gxh7+ Kxh7 31.Rxd5 Kg6 32.
Nd3 Rh8 33.Kc1 $16 Rh4 34.Rb5 f5 35.Rxb4 Rh1+ 36.Kd2 e5 37.Rb7 Rh2+ 38.Kc3
f4 39.Rd7 Kf5 40.Rxd6 f3 41.Rd5 Re2 42.Rxe5+ Rxe5 43.Nxe5 Kxe5 44.Kd2 Kf4 
45.Ke1 Ke3 46.c4 Kd4 47.b3 a5 $5 {la derniere tentative.. qui marche 
presque!} 48.Kf2 a4 49.Kxf3 a3 50.Ke2 Kc3 51.c5 Kb2 52.c6 Kxa2 53.c7 Kxb3 
54.c8=Q a2 {a un coup pres...} 55.Qh8 1-0

[Event "Tarbes"]
[Site "?"]
[Date "2003.??.??"]
[Round "1"]
[White "Chabas, Patrick"]
[Black "Lemoine, Benoit"]
[Result "0-1"]
[WhiteElo "1820"]
[BlackElo "2138"]
[PlyCount "52"]

1.e4 c5 2.Nf3 d6 3.Nc3 g6 4.Bc4 Nc6 5.a3 Bg7 6.O-O Nf6 7.h3 O-O 8.Re1 Nd7 
9.Ne2 Nb6 10.Ba2 d5 11.c3 e5 12.exd5 e4 13.Nh2 Ne5 14.Ng3 f5 15.Ne2 Nd3 
16.Rf1 f4 17.f3 Qg5 18.fxe4 Bxh3 19.Ng3 Bxg2 20.Kxg2 Qxg3+ 21.Kh1 f3 22.
Nxf3 Nf2+ 23.Rxf2 Qxf2 24.Nh2 Be5 25.Qg1 Qh4 26.d3 Rf1 0-1

[Event "Tarbes"]
[Site "?"]
[Date "2003.??.??"]
[Round "2"]
[White "Cabanna, Daniel"]
[Black "Wardenski, Eric"]
[Result "1-0"]
[WhiteElo "2150"]
[BlackElo "1860"]
[PlyCount "76"]

1.e4 g6 2.d4 Bg7 3.Be3 c6 4.Qd2 d5 5.e5 h5 6.Bd3 Nh6 7.Ne2 Bf5 8.h3 Bxd3 
9.Qxd3 Nf5 10.Bd2 e6 11.Nbc3 Nd7 12.Nd1 Qb6 13.O-O c5 14.c3 c4 15.Qc2 Qc6 
16.Ne3 Nxe3 17.fxe3 O-O 18.Nf4 a5 19.g4 h4 20.g5 a4 21.a3 Qb6 22.Rae1 Qd8 
23.Ng2 Qxg5 24.e4 Qe7 25.exd5 exd5 26.Qc1 Qe6 27.Rf3 Rae8 28.Qc2 Qb6 29.
Kh1 Qb3 30.Qb1 f5 31.Nxh4 Qb6 32.Rg1 Re6 33.Ng2 Kh7 34.Nf4 Bh6 35.Nxe6 
Qxe6 36.Bxh6 Kxh6 37.Qc1+ Kh7 38.Qg5 Rg8 1-0

[Event "Tarbes"]
[Site "?"]
[Date "2003.??.??"]
[Round "1"]
[White "Join, Etienne"]
[Black "San Sebastian, Patrice"]
[Result "1-0"]
[WhiteElo "1480"]
[BlackElo "1950"]
[PlyCount "54"]

1.e4 Nf6 2.e5 Nd5 3.Nf3 d6 4.exd6 cxd6 5.d4 g6 6.Bc4 Nb6 7.Bb3 Bg7 8.O-O 
O-O 9.Re1 Bg4 10.h3 Bxf3 11.Qxf3 Nc6 12.c3 a5 13.a4 d5 14.Bg5 h6 15.Bh4 g5
16.Bg3 e6 17.Na3 Na7 18.Be5 Nbc8 19.Qh5 Nd6 20.Bc2 b5 21.axb5 Naxb5 22.
Nxb5 Nxb5 23.Re3 Nd6 24.b3 Qe7 25.Rae1 Rae8 26.Rg3 f6 27.Qg6 f5 {Suite 
illisible} 1-0

[Event "N3"]
[Site "?"]
[Date "2003.??.??"]
[Round "9"]
[White "Delpech, Frederic"]
[Black "Camacho, Philippe"]
[Result "1-0"]
[WhiteElo "2067"]
[BlackElo "1940"]
[EventDate "2003.??.??"]
[Annotator "Condom/CEIT"]
[PlyCount "61"]

1.e4 d6 2.d4 Nf6 3.Nc3 g6 4.f3 c6 5.Be3 b5 6.Qd2 Bg7 7.Bd3 Nbd7 8.Nge2 b4 
9.Nd1 Rb8 10.O-O O-O 11.c4 c5 12.Nf2 e5 13.d5 Ne8 14.g4 Nb6 15.Ng3 Bf6 16.
Kg2 Ng7 17.Rae1 a5 18.g5 Be7 19.Ng4 Nd7 20.Nh6+ Kh8 21.h4 f6 22.Rh1 Nh5 
23.Nxh5 gxh5 24.Reg1 Nb6 25.Kf2 Qe8 26.Rg3 Ba6 27.b3 Qg6 28.Rhg1 fxg5 29.
Bxg5 Bxg5 30.Qxg5 Rf6 31.Qxf6+ 1-0

[Event "Tarbes"]
[Site "?"]
[Date "2003.??.??"]
[Round "1"]
[White "Pokee, Anne-Josephe"]
[Black "Hostekind, Laurent"]
[Result "0-1"]
[WhiteElo "1710"]
[BlackElo "1990"]
[PlyCount "106"]

1.e4 d5 2.exd5 Nf6 3.Nc3 Nxd5 4.Bc4 c6 5.Qf3 Nf6 6.Ne4 Nbd7 7.d3 e6 8.Bf4 
Nxe4 9.dxe4 Qb6 10.Bb3 Bc5 11.Ne2 O-O 12.O-O Nf6 13.Nc3 Bd4 14.Na4 Qa5 15.
c3 Be5 16.Bc2 Nd7 17.Qg3 Bxf4 18.Qxf4 e5 19.Qe3 c5 20.b3 Qc7 21.Rad1 b5 
22.Nb2 Nf6 23.Nd3 Bg4 24.f3 Bh5 25.Qxc5 Rac8 26.Qxc7 Rxc7 27.Nxe5 Rxc3 28.
Bd3 Rc5 29.g4 Rxe5 30.gxh5 Rxh5 31.Rf2 b4 32.Bc4 Re5 33.Rd4 Rfe8 34.Rfd2 
h6 35.Rd8 Kf8 36.Kf2 Ke7 37.Rxe8+ Nxe8 38.Rd5 Rxd5 39.Bxd5 f6 40.Ke3 Nc7 
41.Kd4 Kd6 42.Kc4 a5 43.Bf7 g5 44.Bg6 Ne6 45.Kb5 Nd4+ 46.Kxa5 Kc5 47.h3 
Nxf3 48.Bf5 Ne5 49.Ka4 h5 50.a3 bxa3 51.Kxa3 g4 52.hxg4 hxg4 53.b4+ Kb5 
0-1

[Event "N3"]
[Site "?"]
[Date "2003.??.??"]
[Round "9"]
[White "Delorme, Jackie"]
[Black "Gaubant, Brigitte"]
[Result "1-0"]
[WhiteElo "1120"]
[BlackElo "1399"]
[EventDate "2003.??.??"]
[Annotator "Perpignan/Agen"]
[PlyCount "45"]

1.d4 d5 2.e3 Nc6 3.Nf3 Bg4 4.Be2 Nf6 5.Nbd2 e6 6.O-O Ne4 7.Nxe4 dxe4 8.Nd2
Bf5 9.f3 exf3 10.Nxf3 Bd6 11.Bb5 Qd7 12.Qe2 O-O 13.e4 Bg4 14.e5 Bxe5 15.
dxe5 Qd4+ 16.Nxd4 Bxe2 17.Nxe2 Nxe5 18.b3 Rfd8 19.Bb2 Rd5 20.c4 Rd2 21.
Bxe5 Rxe2 22.Bxc7 a6 23.Ba4 1-0

[Event "N3"]
[Site "?"]
[Date "2003.??.??"]
[Round "9"]
[White "Daragon, Johanna"]
[Black "Joanez-Benedicto, Virginie"]
[Result "0-1"]
[WhiteElo "1499"]
[BlackElo "1350"]
[EventDate "2003.??.??"]
[Annotator "ET/Cahors"]
[PlyCount "157"]

1.e4 e6 2.d4 d5 3.e5 c5 4.Nf3 Nc6 5.c3 Qb6 6.b3 cxd4 7.cxd4 Bb4+ 8.Bd2 
Bxd2+ 9.Qxd2 Nge7 10.Nc3 Qb4 11.Rd1 a6 12.Be2 Nf5 13.O-O O-O 14.Rfe1 Nce7 
15.h3 Ng6 16.g3 Bd7 17.Na4 Qxd2 18.Rxd2 Bxa4 19.bxa4 Rac8 20.Red1 h6 21.
Kh2 Nfe7 22.Ng1 Rc7 23.h4 Rfc8 24.Kg2 Rc2 25.f4 R2c3 26.Nf3 Ra3 27.Rb1 Rc7
28.h5 Nf8 29.g4 Rxa4 30.Kg3 Ra3 31.Kf2 Rac3 32.Rbd1 Nd7 33.g5 hxg5 34.fxg5
Nf5 35.a4 a5 36.Rb1 Nb8 37.Bb5 Nc6 38.g6 fxg6 39.hxg6 Nb4 40.Rbd1 Rc2 41.
Ng5 Rxd2+ 42.Rxd2 Re7 43.Rd1 Nc6 44.Nf3 Re8 45.Kg2 Ne3+ 46.Kh3 Nxd1 47.Kh4
Kf8 48.Ng5 Ke7 49.Kh5 Rh8+ 50.Kg4 Nxd4 51.Nf7 Nxb5 52.Nxh8 Nbc3 53.Nf7 
Nxa4 54.Nd6 Nc5 55.Kf3 Nb2 56.Ke3 Nc4+ 57.Kd4 Nxd6 58.Kxc5 Ne4+ 59.Kb5 d4 
60.Kxa5 d3 61.Kb6 d2 62.Kxb7 d1=Q 63.Kc6 Nc3 64.Kc5 Qd5+ 65.Kb4 Qxe5 66.
Kb3 Nb5 67.Kc2 Qe4+ 68.Kb3 Qxg6 69.Kb4 Qd3 70.Ka5 g5 71.Kb6 g4 72.Kc5 g3 
73.Kc6 g2 74.Kb7 g1=R 75.Ka8 Rg8+ 76.Kb7 Qd5+ 77.Kb6 Rb8+ 78.Ka5 Qa8+ 79.
Kb4 0-1

[Event "Tarbes"]
[Site "?"]
[Date "2003.??.??"]
[Round "2"]
[White "Regnier, Thomas"]
[Black "Marciano, David"]
[Result "0-1"]
[WhiteElo "2050"]
[BlackElo "2502"]
[PlyCount "90"]

1.e4 c5 2.Nf3 e6 3.c3 d5 4.exd5 exd5 5.d4 Nf6 6.Be3 c4 7.b3 cxb3 8.axb3 
Nc6 9.Bd3 Bd6 10.O-O O-O 11.Nbd2 Ng4 12.Bg5 Qc7 13.h3 Nh2 14.Re1 h6 15.Be3
f5 16.Nf1 Nxf1 17.Bxf1 f4 18.Bc1 Bf5 19.Ba3 Bxa3 20.Rxa3 a6 21.Bd3 Qd7 22.
Bxf5 Qxf5 23.Ra2 Rae8 24.Rae2 Re4 25.Nd2 Rxe2 26.Qxe2 Rf7 27.Qe8+ Rf8 28.
Qe6+ Qxe6 29.Rxe6 Rd8 30.Nf3 Kf7 31.Re1 Kf6 32.Kf1 g5 33.Ne5 Nxe5 34.Rxe5 
Rd6 35.Ke2 Rb6 36.b4 Re6 37.Rxe6+ Kxe6 38.Kd3 Kd6 39.g3 fxg3 40.fxg3 Kc6 
41.c4 dxc4+ 42.Kxc4 b6 43.h4 g4 44.d5+ Kd6 45.b5 a5 0-1

[Event "N3"]
[Site "?"]
[Date "2003.??.??"]
[Round "9"]
[White "Daniilidis, Aris"]
[Black "Nivat, Alain"]
[Result "1-0"]
[WhiteElo "2317"]
[BlackElo "2070"]
[EventDate "2003.??.??"]
[Annotator "ET/Cahors"]
[PlyCount "57"]

1.Nf3 Nf6 2.c4 e6 3.g3 b6 4.Bg2 Bb7 5.O-O Be7 6.d4 d5 7.cxd5 exd5 8.Qa4+ 
c6 9.Ne5 O-O 10.Nc3 c5 11.dxc5 Bxc5 12.Bf4 Nh5 13.Rad1 Nxf4 14.Qxf4 Bd6 
15.Bxd5 Bxd5 16.Rxd5 f6 17.Qc4 Kh8 18.Rfd1 fxe5 19.Rxd6 Qe7 20.Ne4 h6 21.
f3 Qb7 22.Qe6 Na6 23.Qxe5 Rae8 24.Rxh6+ Kg8 25.Re6 Qc8 26.Rxe8 Rxe8 27.
Qd5+ Kh8 28.Nd6 Qc2 29.Qh5+ 1-0

[Event "Tarbes"]
[Site "?"]
[Date "2003.??.??"]
[Round "2"]
[White "Tugaye, Francis"]
[Black "Lacroix, Romain"]
[Result "0-1"]
[WhiteElo "2157"]
[BlackElo "1840"]
[PlyCount "38"]

1.d4 d5 2.c4 e6 3.Nc3 c6 4.cxd5 exd5 5.Nf3 Nf6 6.Bg5 h6 7.Bh4 Be7 8.Qc2 
Be6 9.e3 Nbd7 10.Bd3 O-O 11.h3 a6 12.g4 Ne8 13.Bg3 Bd6 14.Ne5 Bxe5 15.dxe5
f6 16.Bh7+ Kh8 17.h4 Bxg4 18.Qg6 Bf3 19.Rg1 Nxe5 0-1

[Event "N3"]
[Site "?"]
[Date "2003.??.??"]
[Round "9"]
[White "Benmesbah, Sarah"]
[Black "Beaurain, Louis"]
[Result "1/2-1/2"]
[WhiteElo "1650"]
[BlackElo "1960"]
[EventDate "2003.??.??"]
[Annotator "CEIT/Condom"]
[PlyCount "43"]

1.e4 e6 2.d4 d5 3.e5 c5 4.c3 Bd7 5.Be3 cxd4 6.cxd4 Qb6 7.Qd2 Ne7 8.Bd3 Bb5
9.Bc2 Nec6 10.Nc3 Ba6 11.Rb1 Nd7 12.Nge2 Nb4 13.Na4 Nxc2+ 14.Qxc2 Qb5 15.
Nec3 Qc6 16.b4 Bb5 17.Nc5 Rc8 18.a4 {=} 18...Bc4 19.f3 b6 20.b5 Qc7 21.Na6
Qd8 22.g3 1/2-1/2

[Event "N3"]
[Site "?"]
[Date "2003.??.??"]
[Round "9"]
[White "Benard, Luc"]
[Black "Lebouchard, Charles"]
[Result "1-0"]
[WhiteElo "1880"]
[BlackElo "1910"]
[EventDate "2003.??.??"]
[Annotator "Agen/Perpignan"]
[PlyCount "61"]

1.d4 Nf6 2.c4 e6 3.Nc3 Bb4 4.Bg5 h6 5.Bh4 g5 6.Bg3 Ne4 7.Qc2 Bxc3+ 8.bxc3 
Nxg3 9.hxg3 f5 10.g4 Qf6 11.gxf5 exf5 12.e3 Nc6 13.Be2 b6 14.Bh5+ Kf8 15.
Ne2 Bb7 16.Ng3 Ne7 17.d5 d6 18.Ne2 Bc8 19.Nd4 Bd7 20.O-O-O Kg7 21.Be2 Ng6 
22.Bd3 Raf8 23.g3 Ne5 24.f4 Ng4 25.Rde1 Rf7 26.e4 fxe4 27.Rxe4 Re8 28.Rxe8
Bxe8 29.Ne6+ Kg8 30.fxg5 hxg5 31.Bh7+ 1-0

[Event "N3"]
[Site "?"]
[Date "2003.??.??"]
[Round "9"]
[White "Bedue, Julien"]
[Black "Chassy, Philippe"]
[Result "0-1"]
[WhiteElo "2196"]
[BlackElo "2121"]
[EventDate "2003.??.??"]
[Annotator "Condom/CEIT"]
[PlyCount "98"]

1.e4 e6 2.d4 d5 3.Nd2 Nf6 4.e5 Nfd7 5.Ngf3 c5 6.c3 Nc6 7.Be2 cxd4 8.cxd4 
Qb6 9.Nb3 a5 10.Qd3 a4 11.Nbd2 f6 12.exf6 Nxf6 13.O-O Bd6 14.a3 O-O 15.Bd1
Bd7 16.Nb1 Ne4 17.Nc3 Nxc3 18.bxc3 Be8 19.Ng5 Bg6 20.Qh3 Nd8 21.Bg4 e5 22.
Be3 e4 23.f4 exf3 24.Bxf3 Qb3 25.Ne6 Re8 26.Nxd8 Raxd8 27.Bd2 Bxa3 28.Bd1 
Qb2 29.Bxa4 Rf8 30.Qe6+ Kh8 31.Bg5 Be4 32.Qg4 Ra8 33.Bd7 Bd3 34.Rfe1 Qf2+ 
35.Kh1 Bb2 36.Rad1 Bxc3 37.Be3 Qc2 38.h4 Bxe1 39.Rxe1 Rf1+ 40.Rxf1 Bxf1 
41.Be6 Rd8 42.Bg5 Rd6 43.Bf5 Bxg2+ 44.Kg1 Be4 45.Bxe4 dxe4 46.Qf4 Qb1+ 47.
Kg2 Qb2+ 48.Kg3 Qa3+ 49.Kg4 Qf3+ 0-1

[Event "N3"]
[Site "?"]
[Date "2003.??.??"]
[Round "9"]
[White "Anton, Gregory"]
[Black "Dumont, Gilles"]
[Result "1-0"]
[WhiteElo "2020"]
[BlackElo "1900"]
[EventDate "2003.??.??"]
[Annotator "Perpignan/Agen"]
[PlyCount "47"]

1.e4 e6 2.d4 d5 3.Nc3 Nf6 4.Bg5 dxe4 5.Nxe4 Be7 6.Bxf6 Bxf6 7.Nf3 Bd7 8.
Bd3 Bc6 9.c3 Nd7 10.O-O O-O 11.Re1 Re8 12.Qc2 h6 13.Rad1 Qe7 14.c4 Nb6 15.
Nxf6+ Qxf6 16.Ne5 Rad8 17.Re3 Re7 18.b3 Kh8 19.Be4 Bxe4 20.Qxe4 c5 21.Rf3 
Qg5 22.Nxf7+ Rxf7 23.Rxf7 Rxd4 24.Rf8# 1-0

[Event "N3"]
[Site "?"]
[Date "2003.??.??"]
[Round "8"]
[White "Woloszyn, Florent"]
[Black "Yrle, Michel"]
[Result "0-1"]
[WhiteElo "1860"]
[BlackElo "1880"]
[EventDate "2003.??.??"]
[Annotator "Condom/Perpignan"]
[PlyCount "82"]

1.d4 c5 2.c3 e6 3.Nf3 Nf6 4.Bg5 Be7 5.Nbd2 Nc6 6.e3 cxd4 7.exd4 Nd5 8.Bxe7
Qxe7 9.Bc4 Nf6 10.O-O O-O 11.Re1 Qd8 12.Qe2 Ne7 13.Bd3 Ng6 14.g3 d6 15.Ne4
Bd7 16.Nxd6 Bc6 17.Ne4 Kh8 18.Nxf6 Qxf6 19.Be4 Rac8 20.Rad1 Rfd8 21.Bxc6 
bxc6 22.Ne5 Kg8 23.Qe4 Ne7 24.Rd3 Qf5 25.Qxf5 Nxf5 26.Red1 Nd6 27.Kg2 f6 
28.Ng4 Nc4 29.b3 Nb2 30.R3d2 Nxd1 31.Rxd1 c5 32.Ne3 cxd4 33.cxd4 Kf7 34.
Kf3 f5 35.Nc4 Kf6 36.Ke3 g5 37.h3 h5 38.f4 Rc7 39.fxg5+ Kxg5 40.h4+ Kf6 
41.Rd3 Rg7 0-1

[Event "N3"]
[Site "?"]
[Date "2003.??.??"]
[Round "8"]
[White "Thamier, Stephan"]
[Black "Talavera, Jose"]
[Result "1-0"]
[WhiteElo "1770"]
[BlackElo "1890"]
[EventDate "2003.??.??"]
[Annotator "Cahors/CEIT"]
[PlyCount "79"]

1.e4 c5 2.f4 d5 3.exd5 Nf6 4.Bb5+ Bd7 5.Bc4 b5 6.Be2 Nxd5 7.d3 Qc7 8.Bf3 
Bc6 9.Bxd5 Bxd5 10.Nf3 Nd7 11.Nc3 Bc6 12.O-O e6 13.Ne4 Bxe4 14.dxe4 Be7 
15.Qe2 Qb7 16.Bd2 O-O 17.Rad1 Rad8 18.Ba5 Rc8 19.Bd2 c4 20.Be3 Nf6 21.e5 
Nd5 22.Nd4 c3 23.b3 b4 24.Kh1 Bc5 25.Bg1 Ne7 26.Qg4 Rfd8 27.Nxe6 fxe6 28.
Qxe6+ Kf8 29.Rxd8+ Rxd8 30.Bxc5 Rd2 31.Bxe7+ Qxe7 32.Qf5+ Kg8 33.h3 h6 34.
Qc8+ Kh7 35.Qf5+ Kg8 36.Qe4 Qd8 37.Kh2 Rd4 38.Qg6 Rd2 39.f5 Qa8 40.f6 1-0

[Event "N3"]
[Site "?"]
[Date "2003.??.??"]
[Round "8"]
[White "Teissier, Geoffrey"]
[Black "Robichon, Franck"]
[Result "0-1"]
[WhiteElo "1009"]
[BlackElo "1890"]
[EventDate "2003.??.??"]
[Annotator "Carcassone/ET"]
[PlyCount "30"]

1.e4 c5 2.Bc4 e6 3.Qf3 Nc6 4.Nh3 Ne5 5.Qc3 Nxc4 6.Qxc4 d5 7.exd5 Qxd5 8.
Qb5+ Bd7 9.Qe2 Qxg2 10.Qf1 Qe4+ 11.Kd1 Bc6 12.Rg1 Nf6 13.Ng5 Qf5 14.b3 h6 
15.Qg2 Bxg2 0-1

[Event "N3"]
[Site "?"]
[Date "2003.??.??"]
[Round "8"]
[White "Savy, Laurent"]
[Black "Beaurain, Jerome"]
[Result "1/2-1/2"]
[WhiteElo "2135"]
[BlackElo "2105"]
[EventDate "2003.??.??"]
[Annotator "Perpignan/Condom"]
[PlyCount "56"]

1.e4 c5 2.Nf3 Nc6 3.d4 cxd4 4.Nxd4 Nf6 5.Nc3 e5 6.Ndb5 d6 7.Bg5 a6 8.Na3 
b5 9.Bxf6 gxf6 10.Nd5 Bg7 11.Be2 f5 12.exf5 Bxf5 13.c3 O-O 14.Nc2 Be6 15.
a4 Ne7 16.Nxe7+ Qxe7 17.O-O d5 18.axb5 axb5 19.Bxb5 Rxa1 20.Qxa1 Qb7 21.
Be2 d4 22.cxd4 exd4 23.Bd3 Qb3 24.Qa3 Rb8 25.Ra1 Bf8 26.Qxb3 Rxb3 27.Be4 
Bc5 28.Rd1 f5 1/2-1/2